[Event "IX Festival A"]
[Site "Salsomaggiore Terme ITA"]
[Date "2005.05.22"]
[Round "5"]
[White "Fieschi, Lorenzo"]
[Black "Grillo, Francesco"]
[Result "1/2-1/2"]
[WhiteElo "2000"]
[BlackElo "1715"]
[PlyCount "55"]
[EventDate "2005.05.20"]

1. d4 d5 2. Nf3 Nf6 3. e3 e6 4. Bd3 c5 5. c3 Nc6 6. Nbd2 Be7 7. O-O O-O 8. Qe2
b6 9. dxc5 Bxc5 10. e4 Be7 11. Re1 Bb7 12. e5 Nd7 13. Nb3 Re8 14. Nfd4 a6 15.
Nxc6 Bxc6 16. Nd4 Bb7 17. Qg4 Nf8 18. Re3 f5 19. exf6 Bxf6 20. Rh3 Bxd4 21.
cxd4 Bc8 22. Bg5 Qd7 23. Bxh7+ Nxh7 24. Qh5 Nxg5 25. Qh8+ Kf7 26. Qh5+ Kg8 27.
Qh8+ Kf7 28. Qh5+ 1/2-1/2

[Event "IX Festival A"]
[Site "Salsomaggiore Terme ITA"]
[Date "2005.05.22"]
[Round "5"]
[White "Garofalo, Sergio"]
[Black "Mussap, Angelo"]
[Result "0-1"]
[WhiteElo "1903"]
[BlackElo "2115"]
[PlyCount "97"]
[EventDate "2005.05.20"]

1. d4 Nf6 2. Nf3 d5 3. b3 Bf5 4. e3 e6 5. a3 h6 6. Bb2 Bd6 7. Nc3 c6 8. Be2
Nbd7 9. h3 Qe7 10. Nd2 e5 11. O-O e4 12. Re1 g5 13. Nf1 h5 14. Ng3 Bg6 15. Qd2
g4 16. Bf1 h4 17. Nh1 Bf5 18. hxg4 Nxg4 19. Be2 Qg5 20. f4 exf3 21. Bxf3 O-O-O
22. Bxg4 Bxg4 23. Bc1 h3 24. g3 Bf3 25. e4 Qg6 26. Qg5 Rdg8 27. Qxg6 Rxg6 28.
e5 Bb4 29. axb4 Bxh1 30. Kxh1 Rxg3 31. Ne2 Rg2 32. Nf4 Rxc2 33. e6 fxe6 34.
Nxe6 a6 35. Bf4 Rg8 36. b5 cxb5 37. Rac1 Rgg2 38. Ng7 Nf6 39. Ne8 Ne4 40. Nd6+
Nxd6 41. Bxd6 Kd7 42. Rxc2 Rxc2 43. Bc5 a5 44. Re3 b4 45. Re7+ Kc6 46. Re6+ Kd7
47. Rd6+ Kc7 48. Rxd5 Rc3 49. Rh5 {...} 0-1

[Event "IX Festival A"]
[Site "Salsomaggiore Terme ITA"]
[Date "2005.05.22"]
[Round "5"]
[White "Garvani, Vittorio"]
[Black "Bonugli, Carlo"]
[Result "1-0"]
[WhiteElo "1864"]
[BlackElo "2030"]
[PlyCount "85"]
[EventDate "2005.05.20"]

1. e4 e6 2. d4 d5 3. Nd2 c5 4. Ngf3 Nf6 5. e5 Nfd7 6. c3 Nc6 7. Be2 cxd4 8.
cxd4 f6 9. exf6 Nxf6 10. O-O Bd6 11. Nb3 O-O 12. Bg5 Qb6 13. Re1 a5 14. a4 e5
15. dxe5 Nxe5 16. Be3 Qd8 17. Bc5 Bxc5 18. Nxc5 Nc6 19. Nd4 Qb6 20. Ndb3 Nb4
21. Bf3 Qd6 22. Nd3 Nc6 23. g3 Bf5 24. Nf4 Rad8 25. Nd4 Nxd4 26. Qxd4 Be4 27.
Bg2 g5 28. Ne2 Ng4 29. f3 Rxf3 30. Bxf3 Bxf3 31. Qd2 h6 32. Qd4 Qg6 33. h3 Qh5
34. h4 gxh4 35. Nf4 Qf7 36. Re6 hxg3 37. Rg6+ Kf8 38. Qc5+ Ke8 39. Re6+ Qxe6
40. Nxe6 Kd7 41. Nxd8 Kxd8 42. Qd6+ Ke8 43. Qxg3 1-0

[Event "IX Festival A"]
[Site "Salsomaggiore Terme ITA"]
[Date "2005.05.22"]
[Round "5"]
[White "Gerundino, Nicola"]
[Black "Pegoraro, Nicola"]
[Result "1/2-1/2"]
[WhiteElo "1793"]
[BlackElo "2082"]
[PlyCount "79"]
[EventDate "2005.05.20"]

1. e4 c5 2. Nf3 d6 3. d4 cxd4 4. Qxd4 Nc6 5. Bb5 Bd7 6. Bxc6 bxc6 7. c4 e5 8.
Qd3 Be7 9. Nc3 Qc7 10. O-O Nf6 11. h3 O-O 12. Rd1 Rab8 13. b3 Be6 14. Be3 h6
15. Rac1 Nd7 16. Nd5 Bxd5 17. cxd5 c5 18. Kh2 Rfe8 19. Qd2 Kh7 20. Rg1 Bf6 21.
g4 Rh8 22. b4 Rbc8 23. Rc2 Qb7 24. Rgc1 cxb4 25. Rxc8 Rxc8 26. Rxc8 Qxc8 27.
Qxb4 Qc7 28. Nd2 Be7 29. Nc4 Kg8 30. a4 Kf8 31. Kg2 Ke8 32. Qb5 Kd8 33. Na5 Nb8
34. Nc4 Bg5 35. Bxg5+ hxg5 36. Kf1 Ke7 37. Ke2 f6 38. Kd2 Nd7 39. Na5 Nb8 40.
Nc4 1/2-1/2

[Event "IX Festival A"]
[Site "Salsomaggiore Terme ITA"]
[Date "2005.05.22"]
[Round "5"]
[White "Giannetta, Paolo"]
[Black "Panizzi, Giuseppe"]
[Result "0-1"]
[WhiteElo "2045"]
[BlackElo "2130"]
[PlyCount "72"]
[EventDate "2005.05.20"]

1. d4 Nf6 2. c4 g6 3. Nc3 Bg7 4. e4 d6 5. f4 O-O 6. Nf3 Nbd7 7. e5 Ne8 8. Be2
e6 9. Be3 b6 10. Qd2 Bb7 11. O-O c5 12. Rad1 cxd4 13. Nxd4 dxe5 14. Ndb5 Nef6
15. fxe5 Nxe5 16. Qxd8 Raxd8 17. Rxd8 Rxd8 18. Bg5 Ned7 19. Nd6 Rb8 20. Nxb7
Rxb7 21. Rd1 a6 22. Bf3 Rb8 23. Bc6 Ne5 24. Bf4 Nh5 25. Bxe5 Bxe5 26. Bf3 Nf6
27. Rd3 Kf8 28. b3 Ke7 29. Ne4 Nxe4 30. Bxe4 Bd6 31. h3 f5 32. Bf3 e5 33. Bd5
e4 34. Rd1 Bc5+ 35. Kf1 Rd8 36. Ke2 Kf6 {...} 0-1

[Event "IX Festival A"]
[Site "Salsomaggiore Terme ITA"]
[Date "2005.05.22"]
[Round "5"]
[White "Giretti Kanev, Jasen"]
[Black "Barletta, Mauro"]
[Result "1/2-1/2"]
[WhiteElo "2166"]
[BlackElo "2252"]
[PlyCount "120"]
[EventDate "2005.05.20"]

1. d4 d5 2. Nf3 Nf6 3. c4 e6 4. Nc3 Be7 5. Bg5 O-O 6. e3 Ne4 7. Bxe7 Qxe7 8.
Qc2 Nxc3 9. Qxc3 c6 10. Bd3 Nd7 11. c5 f5 12. h4 Nf6 13. Ne5 Bd7 14. f3 Be8 15.
O-O-O Nd7 16. Nxd7 Bxd7 17. g3 b6 18. b4 a5 19. a3 axb4 20. axb4 Rfb8 21. Rh2
bxc5 22. bxc5 Bc8 23. Rb2 Qa7 24. Rxb8 Rxb8 25. Rd2 Qa4 26. Rb2 Qa1+ 27. Bb1
Rb5 28. Rb3 Qxc3+ 29. Rxc3 Kf7 30. Ra3 Ke7 31. Ra7+ Rb7 32. Ra8 Bd7 33. Bd3 h6
34. Kc2 Kf7 35. Ba6 Rb4 36. Ra7 Ke8 37. Bd3 Ke7 38. Kc3 Rb8 39. f4 h5 40. Bc2
Kd8 41. Bd3 g6 42. Bc2 Kc8 43. Bd3 Kd8 44. Ra6 Kc7 45. Ra7+ Rb7 46. Ra4 Rb8 47.
Kc2 Bc8 48. Ra1 Bd7 49. Kc3 Bc8 50. Ra7+ Rb7 51. Ra8 Rb8 52. Rxb8 Kxb8 53. Kb4
Ka7 54. Ka5 Bb7 55. Be2 Ba8 56. Ka4 Bb7 57. Kb4 Ba6 58. Bd1 Bb5 59. Ka5 Ba6 60.
Ba4 Bb7 1/2-1/2

[Event "IX Festival A"]
[Site "Salsomaggiore Terme ITA"]
[Date "2005.05.22"]
[Round "5"]
[White "Muha, Zdravko"]
[Black "Cottarelli, Franco"]
[Result "0-1"]
[WhiteElo "2127"]
[BlackElo "1930"]
[PlyCount "21"]
[EventDate "2005.05.20"]

1. d4 f5 2. e4 fxe4 3. Nc3 Nf6 4. Bg5 Nc6 5. Bb5 g6 6. d5 Ne5 7. Nge2 Nf7 8.
Bxf6 exf6 9. Nxe4 Bg7 10. Nd4 O-O 11. Ne6 0-1

[Event "IX Festival A"]
[Site "Salsomaggiore Terme ITA"]
[Date "2005.05.22"]
[Round "5"]
[White "Nelli, Luca"]
[Black "Tamburini, Lorenzo"]
[Result "1-0"]
[WhiteElo "2215"]
[BlackElo "2075"]
[PlyCount "87"]
[EventDate "2005.05.20"]

1. d4 Nf6 2. f4 e6 3. Nf3 c5 4. e3 b6 5. Bd3 Ba6 6. O-O Be7 7. c3 cxd4 8. exd4
O-O 9. f5 Qc8 10. fxe6 fxe6 11. Bg5 Nc6 12. Qe2 Bxd3 13. Qxd3 Nd5 14. Nbd2 Qd8
15. Ne4 Rf5 16. Bxe7 Qxe7 17. g3 Raf8 18. Nh4 Rxf1+ 19. Rxf1 Rxf1+ 20. Qxf1 Qf8
21. Qd3 Nf6 22. Nf3 Ne7 23. Ne5 Ned5 24. a3 Nxe4 25. Qxe4 Nf6 26. Qb7 d6 27.
Nd7 Qd8 28. Nxf6+ gxf6 29. Qxa7 e5 30. Qb7 d5 31. Qc6 Kf7 32. Kf2 e4 33. Ke3 h5
34. c4 dxc4 35. Qxc4+ Kg6 36. Qc6 Qg8 37. Qxe4+ Kh6 38. d5 Qf8 39. Qd4 Qe7+ 40.
Kd2 Kg7 41. d6 Qd7 42. Qxb6 Qf5 43. Qc7+ Kg6 44. d7 1-0

[Event "IX Festival A"]
[Site "Salsomaggiore Terme ITA"]
[Date "2005.05.22"]
[Round "5"]
[White "Pipitone, Antonio"]
[Black "Prati, Alessandro"]
[Result "1-0"]
[WhiteElo "2051"]
[BlackElo "1808"]
[PlyCount "57"]
[EventDate "2005.05.20"]

1. e4 c5 2. Nf3 d6 3. d4 cxd4 4. Nxd4 Nf6 5. Nc3 a6 6. Bd3 e6 7. O-O Be7 8. Be3
O-O 9. f4 Nbd7 10. Qf3 Qc7 11. Rad1 b5 12. a3 Bb7 13. g4 Nc5 14. g5 Nfd7 15.
Qh3 Nxd3 16. cxd3 e5 17. Nf5 Nc5 18. Nxe7+ Qxe7 19. f5 Rac8 20. f6 Qd7 21. Qh4
Ne6 22. Rf3 Rfd8 23. Rh3 Nf8 24. fxg7 Kxg7 25. Rf1 Rc7 26. Rf6 Re8 27. Qh6+ Kg8
28. Rxd6 Qe7 29. Nd5 1-0

[Event "IX Festival A"]
[Site "Salsomaggiore Terme ITA"]
[Date "2005.05.22"]
[Round "5"]
[White "Pircher, Karl"]
[Black "Bozuffi, Italo"]
[Result "1/2-1/2"]
[WhiteElo "2037"]
[BlackElo "1748"]
[PlyCount "127"]
[EventDate "2005.05.20"]

1. d4 e6 2. Nf3 c6 3. c4 f5 4. g3 Nf6 5. Bg2 Be7 6. O-O O-O 7. b3 d5 8. e3 Ne4
9. Bb2 a5 10. a4 Na6 11. Nbd2 Nb4 12. Ne5 Ng5 13. Ndf3 Nxf3+ 14. Bxf3 Bd7 15.
Qd2 Be8 16. Bc3 b6 17. Rac1 Na6 18. Rfd1 Bd6 19. Qe2 Bxe5 20. dxe5 Nc5 21. Rb1
Qg5 22. Bd4 Rb8 23. h4 Qe7 24. Kg2 Bg6 25. Rb2 Qe8 26. Kh2 h5 27. Bg2 Qe7 28.
f4 Rfd8 29. Bf3 Ne4 30. Rc2 Qe8 31. Rdc1 Rdc8 32. Kg2 Rb7 33. cxd5 exd5 34. Qa6
Rbb8 35. Bxb6 Ra8 36. Qd3 Bf7 37. Bc5 g6 38. Bd1 Rab8 39. Rb2 Qd8 40. Qd4 Qd7
41. Be2 Nxc5 42. Qxc5 d4 43. exd4 Bxb3 44. Rxb3 Rxb3 45. Bc4+ Kg7 46. Bxb3 Rb8
47. Rc3 Rb4 48. Rd3 Qb7 49. e6 Rxb3 50. Qe5+ Kh7 51. Rxb3 Qxb3 52. Qc7+ Kh6 53.
Qxc6 Qb2+ 54. Kh3 Qe2 55. Qd5 Qf1+ 56. Qg2 Qc4 57. d5 Qc5 58. Qb2 Kh7 59. Qb7+
Kh6 60. Qb8 Kh7 61. Qe8 Qg1 62. Qf7+ Kh6 63. Qf8+ Kh7 64. Qf7+ 1/2-1/2

[Event "IX Festival A"]
[Site "Salsomaggiore Terme ITA"]
[Date "2005.05.22"]
[Round "5"]
[White "Salati, Paolo"]
[Black "Musto, Marco"]
[Result "1-0"]
[WhiteElo "1949"]
[BlackElo "1491"]
[PlyCount "65"]
[EventDate "2005.05.20"]

1. e4 c5 2. Nf3 d6 3. d4 cxd4 4. Nxd4 Nf6 5. Nc3 a6 6. Bg5 e6 7. Bd3 Nbd7 8.
O-O Be7 9. Re1 O-O 10. a3 Qc7 11. Qe2 b5 12. Rad1 Bb7 13. Nf3 Rac8 14. h3 Rfe8
15. Nh2 Ne5 16. Bf4 Nxd3 17. cxd3 e5 18. Bg3 Bf8 19. Nf1 Qa5 20. Ne3 b4 21.
axb4 Qxb4 22. Bh4 Nd7 23. Ned5 Bxd5 24. Nxd5 Qb3 25. Rc1 Nc5 26. Rc3 Qb5 27.
Rec1 a5 28. R1c2 f5 29. exf5 e4 30. dxe4 Qxe2 31. Rxe2 Rb8 32. f3 Nd3 33. Rxd3
1-0

[Event "IX Festival A"]
[Site "Salsomaggiore Terme ITA"]
[Date "2005.05.22"]
[Round "5"]
[White "Scalcione, Michelangelo"]
[Black "Muraro, Alberto"]
[Result "1-0"]
[WhiteElo "2242"]
[BlackElo "2057"]
[PlyCount "81"]
[EventDate "2005.05.20"]

1. Nf3 Nf6 2. c4 g6 3. Nc3 Bg7 4. e4 d6 5. d4 O-O 6. Be2 e5 7. Be3 Nc6 8. d5
Ne7 9. Nd2 Ne8 10. b4 f5 11. f3 f4 12. Bf2 g5 13. h4 Ng6 14. hxg5 Qxg5 15. Rh2
Qe7 16. c5 Bf6 17. Bb5 Ng7 18. Ke2 Bh4 19. Bxh4 Nxh4 20. Qh1 Ngf5 21. exf5 Nxf5
22. Nde4 Nd4+ 23. Kf2 a5 24. Bd3 Bf5 25. b5 dxc5 26. Rh6 Qg7 27. Qh2 c6 28.
dxc6 bxc6 29. Bc4+ Kh8 30. b6 Rad8 31. Rh1 Nb5 32. Be6 Bg6 33. Ng5 Rd7 34. Bxd7
Qxd7 35. Rxh7+ Bxh7 36. Qxh7+ Qxh7 37. Rxh7+ Kg8 38. Nce4 c4 39. b7 c3 40. b8=Q
Rxb8 41. Nf6+ 1-0

[Event "IX Festival A"]
[Site "Salsomaggiore Terme ITA"]
[Date "2005.05.22"]
[Round "5"]
[White "Sciortino, Massimo"]
[Black "Foglia, Maurizio"]
[Result "1-0"]
[WhiteElo "2306"]
[BlackElo "2089"]
[PlyCount "117"]
[EventDate "2005.05.20"]

1. e4 Nf6 2. e5 Nd5 3. c4 Nb6 4. d4 d6 5. exd6 cxd6 6. Nc3 g6 7. Bd3 Bg7 8.
Nge2 Nc6 9. Be3 O-O 10. O-O Nb4 11. b3 Nxd3 12. Qxd3 Bf5 13. Qd2 Re8 14. d5 Nd7
15. Nd4 Ne5 16. Nxf5 gxf5 17. f3 Kh8 18. Rad1 Rg8 19. Nb5 a6 20. Nd4 Qd7 21.
Qc2 e6 22. dxe6 fxe6 23. Kh1 Qe7 24. Rfe1 Rae8 25. Ne2 Nf7 26. Nf4 Be5 27. Nh3
Rg6 28. Re2 Qh4 29. f4 Bg7 30. Rd3 e5 31. Bf2 Qg4 32. Rg3 Qh5 33. fxe5 Rxe5 34.
Rge3 Qg4 35. Bg3 Rxe3 36. Rxe3 Be5 37. Bxe5+ dxe5 38. Rg3 Qh5 39. Rf3 f4 40.
Qe4 Qg4 41. Rd3 b6 42. Nf2 Qh5 43. Rh3 Qg5 44. Qf3 Kg7 45. Ne4 Qd8 46. Qd3 Qe7
47. Rf3 a5 48. a4 Nd6 49. Rf1 Nxe4 50. Qxe4 Rd6 51. Re1 Kf6 52. h3 Rd4 53. Qc6+
Qe6 54. Qb7 Kg6 55. Qf3 Qf5 56. Qc6+ Qf6 57. Qe8+ Kg7 58. Qxe5 Qxe5 59. Rxe5
{...} 1-0

[Event "IX Festival A"]
[Site "Salsomaggiore Terme ITA"]
[Date "2005.05.22"]
[Round "5"]
[White "Tencati, Giuseppe"]
[Black "Brigati, Alessandro"]
[Result "1/2-1/2"]
[WhiteElo "2093"]
[BlackElo "1957"]
[PlyCount "100"]
[EventDate "2005.05.20"]

1. d4 Nf6 2. c4 g6 3. Nc3 Bg7 4. e4 d6 5. Nf3 O-O 6. Be2 e5 7. d5 Nbd7 8. Bg5
h6 9. Bh4 g5 10. Bg3 Nh5 11. h4 Nxg3 12. fxg3 g4 13. Nh2 h5 14. O-O Bh6 15. b4
Nf6 16. Qd3 a6 17. Rf2 Qe7 18. Nf1 Ne8 19. Ne3 Ng7 20. Raf1 f6 21. Ncd1 Bd7 22.
Qc2 a5 23. c5 axb4 24. c6 bxc6 25. dxc6 Be6 26. Bc4 Kh7 27. Bxe6 Qxe6 28. Nd5
Ne8 29. Qb3 Ra3 30. Qxb4 Rxg3 31. a4 Rd3 32. N5c3 Be3 33. Nxe3 Rxe3 34. a5 g3
35. Rf5 Ng7 36. Nd5 Nxf5 37. Rxf5 Rd3 38. Qb1 Qxf5 39. exf5 Rxd5 40. Qe1 Rg8
41. a6 Rd4 42. a7 Ra4 43. Qd1 Rgg4 44. Kf1 Rxa7 45. Qb3 Rf4+ 46. Ke2 Rf2+ 47.
Kd3 Kg7 48. Kc3 Rfa2 49. Qe6 R7a3+ 50. Kb4 Ra4+ 1/2-1/2

[Event "IX Festival A"]
[Site "Salsomaggiore Terme ITA"]
[Date "2005.05.22"]
[Round "5"]
[White "Tomelleri, Alessio"]
[Black "Bonade', Giacomo"]
[Result "1-0"]
[WhiteElo "2047"]
[BlackElo "1778"]
[PlyCount "121"]
[EventDate "2005.05.20"]

1. e4 c5 2. Nc3 Nc6 3. g3 d6 4. Bg2 Nf6 5. h3 Rb8 6. Nf3 e5 7. d3 Be7 8. O-O
O-O 9. Kh2 b5 10. Ng1 b4 11. Nd5 Nxd5 12. exd5 Nd4 13. f4 f6 14. Rf2 Qe8 15.
Be3 Nf5 16. Bd2 Bd7 17. g4 Nh4 18. Bf1 exf4 19. Bxf4 Qf7 20. Bg3 f5 21. Nf3 Ng6
22. gxf5 Bxf5 23. Bg2 Qxd5 24. Ng5 Qd4 25. Nxh7 Bh4 26. Bxh4 Qxh4 27. Nxf8 Qxf2
28. Nxg6 Bxg6 29. Qg4 Qf5 30. Qxf5 Bxf5 31. Bd5+ Kf8 32. Rf1 g6 33. Be4 Re8 34.
Kg3 Re5 35. Bxf5 gxf5 36. Rf2 Kf7 37. Kf4 Kf6 38. h4 Re1 39. Rh2 Rf1+ 40. Ke3
d5 41. h5 d4+ 42. Ke2 Rg1 43. h6 Rg8 44. h7 Rh8 45. Kf3 Kg5 46. b3 Kg6 47. Kf4
Kg7 48. Kxf5 Rf8+ 49. Ke6 Kh8 50. Kd5 Rf5+ 51. Kc6 Rg5 52. Kd6 Rf5 53. Ke6 Rg5
54. Kf6 Rd5 55. Re2 Kxh7 56. Re7+ Kh6 57. Rxa7 Rd6+ 58. Ke5 Rg6 59. Rc7 Rg5+
60. Kd6 Rg6+ 61. Kxc5 1-0

[Event "IX Festival A"]
[Site "Salsomaggiore Terme ITA"]
[Date "2005.05.22"]
[Round "6"]
[White "Barletta, Mauro"]
[Black "Nelli, Luca"]
[Result "1-0"]
[WhiteElo "2252"]
[BlackElo "2215"]
[PlyCount "61"]
[EventDate "2005.05.20"]

1. d4 Nf6 2. Nf3 c5 3. c3 b6 4. Bg5 Ne4 5. h4 Bb7 6. e3 h6 7. Bf4 e6 8. Nbd2
Nxd2 9. Qxd2 Be4 10. h5 Be7 11. Bd3 Bxd3 12. Qxd3 d5 13. Rh3 c4 14. Qc2 Nc6 15.
Rg3 Kf8 16. Kf1 Bd6 17. Re1 b5 18. Bxd6+ Qxd6 19. e4 dxe4 20. Qxe4 Rd8 21. Nh4
Ne7 22. Ree3 Qc6 23. Qg4 Rg8 24. Ng6+ fxg6 25. Rxe6 Qd5 26. Rf3+ Ke8 27. Qxg6+
Kd7 28. Rxe7+ Kxe7 29. Re3+ Kd7 30. Re5 Qb7 31. Qf5+ 1-0

[Event "IX Festival A"]
[Site "Salsomaggiore Terme ITA"]
[Date "2005.05.22"]
[Round "6"]
[White "Bonugli, Carlo"]
[Black "Bonade', Massimo"]
[Result "1-0"]
[WhiteElo "2030"]
[BlackElo "2101"]
[PlyCount "69"]
[EventDate "2005.05.20"]

1. e4 c5 2. Nc3 d6 3. g3 g6 4. Bg2 Bg7 5. d3 Nc6 6. f4 e6 7. Nf3 Nge7 8. O-O
O-O 9. Be3 Nd4 10. e5 Nef5 11. Bf2 Nxf3+ 12. Qxf3 Nd4 13. Qd1 dxe5 14. fxe5
Bxe5 15. Ne4 f5 16. Nxc5 Qc7 17. b4 Rb8 18. c3 Nc6 19. Qb3 Re8 20. Rae1 Qd6 21.
d4 Bg7 22. g4 f4 23. Bh4 h6 24. g5 Kh8 25. gxh6 Bxh6 26. d5 g5 27. dxc6 gxh4
28. cxb7 Bxb7 29. Bxb7 Rxb7 30. Rxe6 Rxe6 31. Qxe6 Rb6 32. Qxd6 Rxd6 33. Kg2
Kg7 34. Rf2 Kf7 35. Kh3 1-0

[Event "IX Festival A"]
[Site "Salsomaggiore Terme ITA"]
[Date "2005.05.22"]
[Round "6"]
[White "Bozuffi, Italo"]
[Black "Braga, Gian Carlo"]
[Result "0-1"]
[WhiteElo "1748"]
[BlackElo "1515"]
[PlyCount "91"]
[EventDate "2005.05.20"]

1. f4 d6 2. Nf3 Nc6 3. e3 e5 4. fxe5 dxe5 5. e4 Nf6 6. Bb5 Bd7 7. d3 Bd6 8. Bg5
h6 9. Bh4 Qe7 10. Nc3 Qe6 11. Bc4 Qg4 12. Qd2 Nd4 13. Bg3 Nxf3+ 14. gxf3 Qxf3
15. Rf1 Qh5 16. Ne2 a5 17. O-O-O b5 18. Bd5 c6 19. Bxf7+ Qxf7 20. Kb1 Be6 21.
Nc1 O-O 22. Qg2 c5 23. Bh4 Qe7 24. Rg1 Rf7 25. Qg6 Raf8 26. Qxh6 Qd7 27. Rg6
Ng4 28. Qd2 Be7 29. h3 Bxh4 30. hxg4 Rf6 31. Rxf6 Rxf6 32. g5 Rf4 33. Qxa5 Bxg5
34. Qa8+ Rf8 35. Qa5 Qc6 36. Qe1 Ra8 37. b3 Bg4 38. Ne2 Qa6 39. Nc3 Bxd1 40.
Qxd1 Qa5 41. Qg4 Qxc3 42. Qxg5 Rf8 43. Qg2 b4 44. Qe2 Qd4 45. Qg2 Qf2 46. Qg4
0-1

[Event "IX Festival A"]
[Site "Salsomaggiore Terme ITA"]
[Date "2005.05.22"]
[Round "6"]
[White "Calza, Gabriele"]
[Black "Cedriano, Filippo"]
[Result "1/2-1/2"]
[WhiteElo "1790"]
[BlackElo "2043"]
[PlyCount "54"]
[EventDate "2005.05.20"]

1. c4 g6 2. g3 Bg7 3. Bg2 Nf6 4. Nc3 O-O 5. d3 e5 6. Bg5 h6 7. Bd2 d6 8. e4 Nc6
9. Nge2 Ne8 10. O-O f5 11. Be3 f4 12. gxf4 Qh4 13. Nd5 exf4 14. Ndxf4 Ne5 15.
f3 g5 16. Nd5 g4 17. f4 Ng6 18. Rb1 c6 19. Ndc3 Qe7 20. b4 h5 21. b5 h4 22.
bxc6 bxc6 23. Qe1 Bh6 24. Qd2 Ng7 25. d4 Ba6 26. f5 Bxe3+ 27. Qxe3 Nxf5 1/2-1/2

[Event "IX Festival A"]
[Site "Salsomaggiore Terme ITA"]
[Date "2005.05.22"]
[Round "6"]
[White "De Santis, Alessio"]
[Black "Garvani, Vittorio"]
[Result "1-0"]
[WhiteElo "2248"]
[BlackElo "1864"]
[PlyCount "63"]
[EventDate "2005.05.20"]

1. d4 f5 2. g4 d5 3. Bg2 Nf6 4. h3 Nc6 5. Bf4 fxg4 6. Nc3 a6 7. hxg4 Bxg4 8. f3
Be6 9. Qd2 Qd7 10. O-O-O O-O-O 11. e3 g6 12. Nge2 Nh5 13. Bh2 Bh6 14. Kb1 Rdf8
15. Na4 b6 16. Qc3 Kb7 17. Nc1 Na7 18. Qb3 Nb5 19. Nd3 Ka7 20. Ne5 Qe8 21. Bf1
Bg7 22. c4 dxc4 23. Nxc4 Nd6 24. d5 Bd7 25. Naxb6 Bb5 26. Bxd6 exd6 27. a4 Bxc4
28. Qxc4 cxb6 29. Qxa6+ Kb8 30. Qxb6+ Ka8 31. Bb5 Qxb5 32. axb5 1-0

[Event "IX Festival A"]
[Site "Salsomaggiore Terme ITA"]
[Date "2005.05.22"]
[Round "6"]
[White "Di Paolo, Raffaele"]
[Black "Tencati, Giuseppe"]
[Result "1-0"]
[WhiteElo "2284"]
[BlackElo "2093"]
[PlyCount "49"]
[EventDate "2005.05.20"]

1. e4 e6 2. d4 d5 3. Nd2 Nf6 4. e5 Nfd7 5. Bd3 c5 6. c3 Nc6 7. Ne2 cxd4 8. cxd4
Qb6 9. Nf3 f6 10. exf6 Nxf6 11. O-O Bd6 12. Nc3 Bd7 13. a3 O-O 14. b4 Rae8 15.
Be3 Qd8 16. Bg5 Re7 17. Re1 Qe8 18. b5 Nd8 19. Ne5 Nf7 20. h4 Nxg5 21. hxg5
Bxe5 22. Rxe5 Nh5 23. Nxd5 exd5 24. Rxe7 Qxe7 25. Bxh7+ 1-0

[Event "IX Festival A"]
[Site "Salsomaggiore Terme ITA"]
[Date "2005.05.22"]
[Round "6"]
[White "Ferrari, Cristiano"]
[Black "Bonade', Giacomo"]
[Result "1/2-1/2"]
[WhiteElo "1469"]
[BlackElo "1778"]
[PlyCount "72"]
[EventDate "2005.05.20"]

1. d4 f5 2. Nf3 Nf6 3. b3 e6 4. Bb2 Be7 5. e3 O-O 6. Bd3 Nc6 7. O-O d6 8. a3
Qe8 9. Nc3 a6 10. Re1 d5 11. Ne2 Ne4 12. c4 b6 13. cxd5 exd5 14. Nf4 Qd8 15.
Rc1 Na5 16. b4 g5 17. bxa5 gxf4 18. axb6 fxe3 19. Rxe3 cxb6 20. Re2 Rf6 21.
Rec2 Bd7 22. Rc7 Bd6 23. Rxd7 Qxd7 24. Ne5 Qe7 25. Rc2 Bxa3 26. Qc1 Bxb2 27.
Qxb2 b5 28. Qc1 Qa7 29. Qb2 Qb7 30. f3 Nd6 31. Kf1 Rc8 32. Kf2 Rxc2+ 33. Qxc2
a5 34. Nc6 Ne4+ 35. Bxe4 Rxc6 36. Bxd5+ Kg7 1/2-1/2

[Event "IX Festival A"]
[Site "Salsomaggiore Terme ITA"]
[Date "2005.05.22"]
[Round "6"]
[White "Foglia, Maurizio"]
[Black "Pipitone, Antonio"]
[Result "1-0"]
[WhiteElo "2089"]
[BlackElo "2051"]
[PlyCount "69"]
[EventDate "2005.05.20"]

1. Nf3 Nf6 2. b3 g6 3. Bb2 Bg7 4. e3 d6 5. d4 Nbd7 6. Be2 O-O 7. O-O c5 8. c4
b6 9. Nc3 Bb7 10. Qc2 Re8 11. Rfd1 Qb8 12. e4 cxd4 13. Nxd4 Nc5 14. f3 Qc8 15.
Qd2 h6 16. Bf1 Kh7 17. Nd5 Ncd7 18. Nb5 Bxd5 19. cxd5 Qb7 20. Rac1 Rac8 21. Nd4
a6 22. a4 h5 23. Rc6 Ne5 24. Rxc8 Rxc8 25. Qe2 Ra8 26. Rc1 Bh6 27. Rc2 Nfd7 28.
Nc6 e6 29. Nxe5 dxe5 30. dxe6 fxe6 31. Qc4 Be3+ 32. Kh1 Nc5 33. b4 Nxa4 34.
Bxe5 Re8 35. Qb3 1-0

[Event "IX Festival A"]
[Site "Salsomaggiore Terme ITA"]
[Date "2005.05.22"]
[Round "6"]
[White "Gasperi, Fosco"]
[Black "Brigati, Alessandro"]
[Result "1-0"]
[WhiteElo "2168"]
[BlackElo "1957"]
[PlyCount "69"]
[EventDate "2005.05.20"]

1. d4 Nf6 2. c4 g6 3. Nc3 Bg7 4. e4 d6 5. f4 O-O 6. Nf3 c5 7. d5 e6 8. Be2 exd5
9. e5 dxe5 10. fxe5 Ng4 11. Bg5 Qa5 12. cxd5 Nxe5 13. O-O Nxf3+ 14. Rxf3 Bg4
15. Rxf7 Rxf7 16. Bxg4 Kh8 17. Be6 Rf8 18. Qd3 Qb4 19. Rb1 Qd4+ 20. Qxd4 Bxd4+
21. Kh1 Na6 22. Be7 Rf2 23. d6 Nb4 24. Nb5 Bg7 25. Rd1 Nc6 26. d7 Nd8 27. Nc7
Rb8 28. Bxc5 Rc2 29. Bxa7 Rxc7 30. Bxb8 Rc2 31. Bb3 Rxb2 32. h3 Bf6 33. Re1 Rd2
34. Re8+ Kg7 35. Rg8+ 1-0

[Event "IX Festival A"]
[Site "Salsomaggiore Terme ITA"]
[Date "2005.05.22"]
[Round "6"]
[White "Gerundino, Nicola"]
[Black "Del Giudice, Stefano"]
[Result "1/2-1/2"]
[WhiteElo "1793"]
[BlackElo "2077"]
[PlyCount "61"]
[EventDate "2005.05.20"]

1. e4 c5 2. Nf3 d6 3. d4 cxd4 4. Qxd4 Nc6 5. Bb5 Bd7 6. Bxc6 Bxc6 7. Nc3 e5 8.
Qd3 Nf6 9. Bg5 Be7 10. O-O-O Qb6 11. Rd2 Rd8 12. Bxf6 Bxf6 13. Nd5 Bxd5 14.
Qxd5 O-O 15. Kb1 Qc6 16. Rhd1 Be7 17. Rd3 Rc8 18. c3 Qxd5 19. Rxd5 Rc4 20. Nd2
Rc6 21. Nf1 f5 22. exf5 Rxf5 23. f3 Rg5 24. R1d2 Rg6 25. Kc2 Kf7 26. b3 Ke6 27.
c4 a6 28. Kd1 Bg5 29. R2d3 h5 30. g3 Rf6 31. Nd2 1/2-1/2

[Event "IX Festival A"]
[Site "Salsomaggiore Terme ITA"]
[Date "2005.05.22"]
[Round "6"]
[White "Grillo, Francesco"]
[Black "Capurro, Giuliano"]
[Result "0-1"]
[WhiteElo "1715"]
[BlackElo "2088"]
[PlyCount "68"]
[EventDate "2005.05.20"]

1. d4 d5 2. Nc3 Nf6 3. Bg5 h6 4. Bxf6 exf6 5. e3 Be6 6. Bd3 Bd6 7. Nf3 c6 8. a3
Qe7 9. Ne2 g6 10. c3 O-O 11. O-O Qc7 12. Ng3 Bg4 13. Be2 Bxg3 14. fxg3 Bxf3 15.
gxf3 f5 16. c4 dxc4 17. Bxc4 Nd7 18. Rc1 Nf6 19. Qb3 Qe7 20. Rfd1 Rad8 21. Rd2
h5 22. Kg2 Kg7 23. Rcd1 Rd7 24. d5 cxd5 25. Bxd5 Rfd8 26. Rd3 h4 27. Bc4 Rxd3
28. Rxd3 hxg3 29. Kxg3 Rxd3 30. Qxd3 Qe5+ 31. f4 Ne4+ 32. Kf3 Qxb2 33. Qd4+
Qxd4 34. exd4 Nd2+ 0-1

[Event "IX Festival A"]
[Site "Salsomaggiore Terme ITA"]
[Date "2005.05.22"]
[Round "6"]
[White "Gromovs, Sergejs"]
[Black "Cottarelli, Franco"]
[Result "1/2-1/2"]
[WhiteElo "2362"]
[BlackElo "1930"]
[PlyCount "77"]
[EventDate "2005.05.20"]

1. d4 f5 2. g3 Nf6 3. Bg2 d5 4. c4 c6 5. Nc3 e6 6. Nf3 Bd6 7. O-O O-O 8. c5 Bc7
9. Bf4 Bxf4 10. gxf4 Nbd7 11. e3 Ne4 12. Ne2 Rf6 13. Ne1 Rh6 14. f3 Nef6 15.
Ng3 Qe8 16. Nd3 Nh5 17. b4 a6 18. a4 Ndf6 19. Ne5 Nxg3 20. hxg3 Bd7 21. g4 fxg4
22. fxg4 Rh4 23. Qe1 Rxg4 24. Nxg4 Nxg4 25. Qg3 Qg6 26. Rae1 Rf8 27. Bh3 Ne5
28. Qxg6 Nxg6 29. Kh2 Nh4 30. e4 Rf6 31. Kg3 Ng6 32. f5 exf5 33. exf5 Nf8 34.
Re7 Rf7 35. Rfe1 Rf6 36. Rxd7 Nxd7 37. Re7 Rf7 38. f6 Rxe7 39. fxe7 1/2-1/2